<?xml version="1.0" encoding="UTF-8"?>
<marc:record xmlns:marc="http://www.loc.gov/MARC21/slim">
   <marc:leader>00000nam a2200000 a 4500</marc:leader>
   <marc:datafield ind1="1" ind2=" " tag="100">
      <marc:subfield code="a">Escroyne, Arthur</marc:subfield>
      <marc:subfield code="4">aut</marc:subfield>
      <marc:subfield code="e">Verfasser/-in</marc:subfield>
   </marc:datafield>
   <marc:datafield ind1="0" ind2="0" tag="245">
      <marc:subfield code="a">Mit Schirm, Charme und Kanone</marc:subfield>
   </marc:datafield>
   <marc:datafield ind1="0" ind2="0" tag="245">
      <marc:subfield code="b">Kriminalroman</marc:subfield>
   </marc:datafield>
   <marc:datafield ind1=" " ind2="1" tag="264">
      <marc:subfield code="b">Pendo Verlag</marc:subfield>
      <marc:subfield code="c">2016</marc:subfield>
   </marc:datafield>
   <marc:datafield ind1="1" ind2=" " tag="520">
      <marc:subfield code="a">Wieder einmal geht es auf Schloss Sutherly um Leben und Tod - doch diesmal kämpfen Arthur und Rosemary nicht gegen Verbrecher, sondern Rosies zu früh einsetzende Wehen. In der verzweifelten Überzeugung, dass das Beste für Kind und Mutter gerade gut genug sei, bringt Arthur Rosy zu einem Spezialisten .......</marc:subfield>
   </marc:datafield>
   <marc:datafield ind1=" " ind2=" " tag="020">
      <marc:subfield code="a">9783866124028</marc:subfield>
      <marc:subfield code="9">9783866124028</marc:subfield>
   </marc:datafield>
</marc:record>
